[Event "LAT-ch (Women)"]
[Site "Riga"]
[Date "2019.05.01"]
[Round "3"]
[White "Zalcmane, Vija"]
[Black "Maklakova, Nellija"]
[Result "1-0"]
[WhiteElo "1411"]
[BlackElo "1894"]
[PlyCount "75"]
[EventDate "2019.04.29"]
[EventType "swiss"]
[EventRounds "7"]
[EventCountry "LAT"]
[SourceTitle "CBM 190 Extra"]
[Source "ChessBase"]
[SourceDate "2019.07.15"]
[SourceVersion "1"]
[SourceVersionDate "2019.07.15"]
[SourceQuality "1"]

1. c4 e5 2. Nc3 Nf6 3. g3 d6 4. Bg2 Be7 5. d3 c6 6. Nf3 Nbd7 7. 0-0 Nf8 8. e4 Ng6 9. a3 h5 10. h4 Bg4 11. d4 Qc7 12. Qd3 exd4 13. Qxd4 Bxf3 14. Bxf3 Ne5 15. Bg2 c5 16. Nd5 Qd7 17. Qc3 Nxd5 18. exd5 Qg4 19. Bf4 Bf6 20. Rae1 0-0 21. Bxe5 Bxe5 22. Qc2 Bd4 23. Kh2 Be5 24. Re4 Qg6 25. b4 cxb4 26. axb4 f5 27. Re2 Qg4 28. f4 Bd4 29. Bh3 Qg6 30. Re6 Qf7 31. Rfe1 Qc7 32. Bxf5 Rac8 33. Bd3 b5 34. Qe2 bxc4 35. Bc2 Bg1+ 36. Rxg1 Qb6 37. Qxh5 Rf6 38. Rxf6 1-0

[Event "LAT-ch (Women)"]
[Site "Riga"]
[Date "2018.05.02"]
[Round "3"]
[White "Golsta, Madara"]
[Black "Zalcmane, Vija"]
[Result "1-0"]
[WhiteElo "1813"]
[BlackElo "1528"]
[PlyCount "93"]
[EventDate "2018.04.30"]
[EventType "swiss"]
[EventRounds "7"]
[EventCountry "LAT"]
[SourceTitle "CBM 184 Extra"]
[Source "ChessBase"]
[SourceDate "2018.06.28"]
[SourceVersion "1"]
[SourceVersionDate "2018.06.28"]
[SourceQuality "1"]

1. e4 e5 2. Nf3 Nc6 3. Bc4 Nf6 4. d3 Be7 5. 0-0 0-0 6. Re1 d6 7. a4 a5 8. c3 Bg4 9. h3 Bh5 10. Nbd2 h6 11. Nf1 g5 12. Ng3 Bg6 13. Bd2 Qd7 14. Qe2 Kg7 15. Rad1 Rae8 16. Bb5 Qe6 17. d4 exd4 18. Nxd4 Nxd4 19. cxd4 c6 20. Bc4 Qc8 21. Qf3 Bd8 22. Bc3 d5 23. exd5 cxd5 24. Bxd5 Nxd5 25. Qxd5 Bc2 26. Rc1 Bxa4 27. Nf5+ Kg6 28. Qd6+ f6 29. Ne3 Bc7 30. Qa3 Qd7 31. b3 Bc6 32. d5 Bb5 33. Red1 Bf4 34. Bxa5 Bxe3 35. fxe3 Qf5 36. Qc5 Bd3 37. Qd4 Be4 38. Rc5 Rc8 39. b4 Rce8 40. d6 Qd7 41. Rc7 Qb5 42. d7 Qe2 43. Qd2 Qxd2 44. Rxd2 Rd8 45. Rc4 Bf5 46. Bxd8 Rxd8 47. Rc7 1-0

[Event "LAT-ch (Women)"]
[Site "Riga"]
[Date "2017.10.07"]
[Round "3"]
[White "Zalcmane, Vija"]
[Black "Sarnovska, Eira"]
[Result "0-1"]
[WhiteElo "1533"]
[BlackElo "1727"]
[PlyCount "96"]
[EventDate "2017.10.05"]
[EventType "swiss"]
[EventRounds "7"]
[EventCountry "LAT"]
[SourceTitle "CBM 181 Extra"]
[Source "ChessBase"]
[SourceDate "2017.12.12"]
[SourceVersion "1"]
[SourceVersionDate "2017.12.12"]
[SourceQuality "1"]

1. c4 e5 2. Nc3 Nf6 3. g3 Bb4 4. Bg2 d6 5. Nf3 0-0 6. 0-0 Nc6 7. a3 Bxc3 8. bxc3 Be6 9. d3 h6 10. h3 Nh7 11. Rb1 Rb8 12. e3 f5 13. Nh2 Qd7 14. f4 Nf6 15. Nf3 Qf7 16. fxe5 dxe5 17. Nh4 Rfd8 18. Qe2 e4 19. Qf2 exd3 20. Nxf5 Bxf5 21. Qxf5 d2 22. Bxd2 Rxd2 23. Bxc6 Qxc4 24. Bxb7 Rbd8 25. Rbe1 Qxc3 26. Qg6 Rb2 27. Ba6 Rdd2 28. Rxf6 Rg2+ 29. Kf1 Qxf6+ 30. Qxf6 gxf6 31. Rc1 Rh2 32. Bc4+ Kf8 33. Bd5 Rbd2 34. Bb7 Ra2 35. Kg1 Rhb2 36. Be4 Rxa3 37. g4 Rxe3 38. Bf5 Rg3+ 39. Kf1 Rxh3 40. Kg1 Ra3 41. Kh1 a5 42. Kg1 a4 43. Bd7 c5 44. Kf1 c4 45. Ke1 c3 46. Bf5 Rh2 47. Be4 Raa2 48. Kd1 Rad2+ 0-1